000 00480nam a2200181Ia 4500
005 20250326125429.0
008 250326s9999 xx 000 0 und d
037 _aTextbook
040 _aFMSL
_beng
_cFMSL
041 _aeng
_2eng
084 _aY7 K3
_qFMSL
100 _aNadel S F
245 0 _aFoundations of social anthropology
_cNadel S F
260 _aLondon
_bLondon, Cohen & West
_c1963
300 _a426p
942 _cTB
_hY7 K3
999 _c1278031
_d1278031